Normal view
MARC view
- QUALITIES OF A LEADER-THE 21 INDISPENSABLE
Entry Topical Term
001 - CONTROL NUMBER
- control field: 58404
003 - CONTROL NUMBER IDENTIFIER
- control field: NUST
005 - DATE AND TIME OF LATEST TRANSACTION
- control field: 20210628202132.0
008 - FIXED-LENGTH DATA ELEMENTS
- fixed length control field: 210628|| aca||aabn | a|a d
040 ## - CATALOGING SOURCE
- Original cataloging agency: NUST
- Transcribing agency: NUST
150 ## - HEADING--TOPICAL TERM
- Topical term or geographic name entry element: QUALITIES OF A LEADER-THE 21 INDISPENSABLE
670 ## - SOURCE DATA FOUND
- Source citation: Work cat.: (NUST): Maxwell, John C 56052, The 21 indispensable qualities of a leader, 1999
